00783nam a22002417a 450000500170000001000130001702000210003003500130005103700160006404000120008008200130009210000330010524500640013826000440020227000120024630000270025850000510028565000260033665000180036294200220038099900190040295201200042120170124110155.0 aA-089922 c00.00a006318138 aA-089922 bCen Lib/Ret aDPLbEN a157bSPI aSpielberger, Charles 934888 aUnderstanding stress and anxiety /cby Charles Spielberger  aLondon bHarper & Row Publishers c1979 bLondon  a128p.;c19cm(Hb)bill. aIncludes bibliographical references and index  z aPsychology 934889 aStress934890 2ddccENh157mSPI c132493d132493 00104070aLbLd2015-07-22eCen Lib/Retg0.00l0o157 SPIpA-089922r2015-07-22 00:00:00t1v0.00w2015-07-22yEN